[Event "FICGS class GM 000001 email"]
[Site "FICGS email"]
[Date "2007.09.06"]
[Round "1"]
[White "Savinov, Viktor"]
[Black "Aigner, Michael"]
[Result "0-1"]
[WhiteElo "2507"]
[BlackElo "2497"]
[PlyCount "28"]
[EventDate "2007.??.??"]
[EventType "tourn (corr)"]
[EventRounds "6"]
[EventCategory "11"]
[SourceTitle "Corr 2022"]
[Source "ChessBase"]
[SourceDate "2021.10.24"]
[SourceVersion "1"]
[SourceVersionDate "2021.10.24"]
[SourceQuality "1"]

1. d4 Nf6 2. c4 e6 3. Nf3 d5 4. g3 dxc4 5. Bg2 Bb4+ 6. Bd2 c5 7. Bxb4 cxb4 8. Ne5 0-0 9. Nxc4 Nc6 10. e3 e5 11. d5 b5 12. dxc6 Qxd1+ 13. Kxd1 bxc4 14. Nd2 Bg4+ 0-1

[Event "Chernigov"]
[Site "Chernigov"]
[Date "2005.02.03"]
[Round "15"]
[White "Dolzhikova, Olga"]
[Black "Savinov, Viktor"]
[Result "0-1"]
[WhiteElo "2257"]
[BlackElo "2482"]
[PlyCount "163"]
[EventDate "2005.01.22"]
[EventType "tourn"]
[EventRounds "15"]
[EventCountry "UKR"]
[EventCategory "3"]
[SourceTitle "CBM 104 Extra"]
[Source "ChessBase"]
[SourceDate "2005.03.01"]
[SourceVersion "1"]
[SourceVersionDate "2005.03.01"]
[SourceQuality "1"]

1. e4 d6 2. d4 Nf6 3. Nc3 g6 4. f3 Bg7 5. Be3 c6 6. Qd2 0-0 7. h4 h5 8. Nh3 e6 9. Bd3 Nbd7 10. 0-0-0 b5 11. Nf2 Qa5 12. Kb1 e5 13. g4 exd4 14. Bxd4 Ne5 15. Bxe5 dxe5 16. Rhg1 Qc7 17. gxh5 Nxh5 18. Ng4 Nf4 19. Ne2 Nxd3 20. cxd3 c5 21. h5 Bxg4 22. Rxg4 c4 23. dxc4 Rad8 24. Qc1 Rxd1 25. Qxd1 gxh5 26. Rg5 Rd8 27. Qg1 f6 28. Rxh5 Qxc4 29. Nc3 Rd2 30. Rh2 Rxh2 31. Qxh2 Qf1+ 32. Kc2 Qxf3 33. a3 a5 34. b4 Bf8 35. Qg1+ Kh7 36. Qa7+ Kh6 37. bxa5 Bxa3 38. Qb7 b4 39. Nb1 Qf2+ 40. Nd2 Qc5+ 41. Kd1 Qxa5 42. Qc6 Kg6 43. Qe8+ Kg5 44. Ke2 Qa6+ 45. Kd1 Qd6 46. Qg8+ Kf4 47. Qg2 Qd7 48. Qf3+ Kg5 49. Qe3+ Kg6 50. Qg3+ Kf7 51. Qb3+ Kg7 52. Qg3+ Kf7 53. Qb3+ Ke7 54. Qg8 Qe6 55. Qg7+ Kd6 56. Qb7 Kc5 57. Qa7+ Kc6 58. Qa8+ Kc7 59. Qa7+ Kd8 60. Qb8+ Ke7 61. Qc7+ Qd7 62. Qc5+ Qd6 63. Qa7+ Ke6 64. Qa8 Kf7 65. Qb7+ Qe7 66. Qd5+ Qe6 67. Qb7+ Kg6 68. Qb8 f5 69. exf5+ Qxf5 70. Qg8+ Kh5 71. Qe8+ Kg4 72. Qc6 Bb2 73. Qc4+ Qf4 74. Qg8+ Kh3 75. Qa8 Bc3 76. Qh1+ Kg4 77. Qg2+ Kf5 78. Qh3+ Qg4+ 79. Qxg4+ Kxg4 80. Ne4 Kf4 81. Nc5 e4 82. Ne6+ 0-1

[Event "Chernigov"]
[Site "Chernigov"]
[Date "2005.01.30"]
[Round "10"]
[White "Savinov, Viktor"]
[Black "Samsonkin, Artiom"]
[Result "1/2-1/2"]
[WhiteElo "2482"]
[BlackElo "2251"]
[PlyCount "67"]
[EventDate "2005.01.22"]
[EventType "tourn"]
[EventRounds "15"]
[EventCountry "UKR"]
[EventCategory "3"]
[SourceTitle "CBM 104 Extra"]
[Source "ChessBase"]
[SourceDate "2005.03.01"]
[SourceVersion "1"]
[SourceVersionDate "2005.03.01"]
[SourceQuality "1"]

1. e4 c5 2. Nf3 d6 3. d4 cxd4 4. Nxd4 Nf6 5. Nc3 a6 6. Be3 Ng4 7. Bg5 h6 8. Bh4 g5 9. Bg3 Bg7 10. Be2 h5 11. Bxg4 hxg4 12. 0-0 Nc6 13. Nf5 Bxf5 14. exf5 Bxc3 15. bxc3 Ne5 16. Bxe5 dxe5 17. Qxg4 Qd2 18. Rad1 Qf4 19. Qxf4 exf4 20. Rfe1 Rh6 21. Rd3 Rd8 22. Re5 Rb6 23. g3 fxg3 24. fxg3 f6 25. Re2 Rb2 26. Rde3 Rd7 27. a3 g4 28. c4 Rb1+ 29. Kg2 Rbd1 30. h4 gxh3+ 31. Kxh3 R1d4 32. Re6 Kf7 33. c5 Rc4 34. c6 1/2-1/2

[Event "Chernigov"]
[Site "Chernigov"]
[Date "2005.01.23"]
[Round "2"]
[White "Tuka, Oleg"]
[Black "Savinov, Viktor"]
[Result "0-1"]
[WhiteElo "2297"]
[BlackElo "2482"]
[PlyCount "58"]
[EventDate "2005.01.22"]
[EventType "tourn"]
[EventRounds "15"]
[EventCountry "UKR"]
[EventCategory "3"]
[SourceTitle "CBM 104 Extra"]
[Source "ChessBase"]
[SourceDate "2005.03.01"]
[SourceVersion "1"]
[SourceVersionDate "2005.03.01"]
[SourceQuality "1"]

1. d4 c5 2. d5 e6 3. c4 exd5 4. cxd5 d6 5. e4 g6 6. Nc3 Nf6 7. Nf3 Bg7 8. Nd2 0-0 9. Be2 Nbd7 10. 0-0 Re8 11. Qc2 Ne5 12. a4 Nh5 13. Bxh5 gxh5 14. f4 Ng4 15. Nf3 c4 16. a5 Qc7 17. Kh1 f5 18. exf5 Rf8 19. Ng5 Bxf5 20. Nce4 Rae8 21. Ra4 h6 22. Rxc4 Qxa5 23. Ne6 Bxe6 24. dxe6 d5 25. Rc5 Qa6 26. Ng3 h4 27. Qe2 hxg3 28. Qxa6 bxa6 29. Rxd5 Rxe6 0-1

[Event "Internet Section 09A g/8'+2\""]
[Site "Dos Hermanas"]
[Date "2004.03.09"]
[Round "3"]
[White "Savinov, Viktor"]
[Black "Korobkin, Maxim"]
[Result "1-0"]
[WhiteElo "2482"]
[BlackElo "2170"]
[PlyCount "43"]
[EventDate "2004.03.09"]
[EventType "swiss (blitz)"]
[EventRounds "9"]
[EventCountry "ESP"]
[SourceTitle "CBM 099 Extra"]
[Source "ChessBase"]
[SourceDate "2004.05.04"]
[SourceVersion "1"]
[SourceVersionDate "2004.05.04"]
[SourceQuality "1"]

1. e4 c5 2. Nf3 e6 3. d4 cxd4 4. Nxd4 a6 5. Nc3 Qc7 6. Be2 Bb4 7. 0-0 Nf6 8. Qd3 Nc6 9. Kh1 Be7 10. f4 d6 11. Be3 0-0 12. Bg1 Nxd4 13. Bxd4 e5 14. fxe5 dxe5 15. Qg3 Bd6 16. Be3 Kh8 17. Rxf6 gxf6 18. Nd5 Qxc2 19. Qh4 Qxe2 20. Qxf6+ Kg8 21. Bh6 Qg4 22. Qxd6 1-0

[Event "RUS-UKR m g/3"]
[Site "bereg.ru Int"]
[Date "2003.12.14"]
[Round "10"]
[White "Savinov, Viktor"]
[Black "Lubashov, Alexei"]
[Result "1-0"]
[WhiteElo "2482"]
[BlackElo "2411"]
[PlyCount "107"]
[EventDate "2003.12.14"]
[EventType "schev (blitz)"]
[EventRounds "16"]
[EventCountry "NET"]
[SourceTitle "CBM 097 Extra"]
[Source "ChessBase"]
[SourceDate "2004.01.13"]
[SourceVersion "1"]
[SourceVersionDate "2004.01.13"]
[SourceQuality "1"]

1. e4 g6 2. d4 Bg7 3. Nc3 d6 4. Be2 Nc6 5. Be3 e5 6. Nf3 Bg4 7. dxe5 Bxf3 8. Bxf3 Nxe5 9. Be2 Nf6 10. f4 Ned7 11. 0-0 0-0 12. f5 Re8 13. Qd3 Ne5 14. Qd2 c6 15. Kh1 b5 16. a3 a5 17. Bf4 b4 18. axb4 axb4 19. Rxa8 Qxa8 20. Bxe5 dxe5 21. Nd1 Nxe4 22. Qxb4 c5 23. Qe1 Nd6 24. fxg6 hxg6 25. Qf2 Qc6 26. Bc4 Re7 27. Ne3 e4 28. Bd5 Qd7 29. c3 Re5 30. Ra1 Qe7 31. Ra6 Nf5 32. c4 Nxe3 33. Qxe3 Rf5 34. Ra8+ Kh7 35. g4 Rf3 36. Qxe4 Rf1+ 37. Kg2 Qf6 38. g5 Qf2+ 39. Kh3 Re1 40. Qh4+ Qxh4+ 41. Kxh4 Bxb2 42. Rc8 Bd4 43. Bxf7 Kg7 44. Bd5 Rf1 45. Rc7+ Kf8 46. Kg3 Ke8 47. Kg2 Re1 48. Rc6 Re2+ 49. Kg3 Re3+ 50. Kg2 Re2+ 51. Kf1 Rf2+ 52. Ke1 Rxh2 53. Re6+ Kd7 54. Re2 1-0

[Event "Nikolaev-ch Region"]
[Site "Nikolaev"]
[Date "2001.??.??"]
[Round "10"]
[White "Rohonyan, Katerina"]
[Black "Savinov, Viktor"]
[Result "1-0"]
[WhiteElo "2340"]
[BlackElo "2458"]
[PlyCount "49"]
[EventDate "2001.??.??"]
[EventType "tourn"]
[EventRounds "14"]
[EventCountry "UKR"]
[SourceTitle "EXT 2003"]
[Source "ChessBase"]
[SourceDate "2002.11.25"]
[SourceVersion "1"]
[SourceVersionDate "2002.11.25"]
[SourceQuality "1"]

1. e4 c5 2. Nf3 d6 3. g3 Nf6 4. d3 g6 5. Bg2 Bg7 6. 0-0 Nc6 7. c3 0-0 8. a3 Qc7 9. b4 a6 10. Qe2 Nd7 11. Bb2 e5 12. Nbd2 b5 13. Rac1 Qb6 14. Rfd1 Bb7 15. Nf1 a5 16. Ne3 Nf6 17. bxc5 dxc5 18. c4 Nd4 19. Qe1 Nd7 20. cxb5 Qxb5 21. Nc4 Bc6 22. Rb1 Qa6 23. Bxd4 exd4 24. Rb2 Bb5 25. Nfd2 1-0